000 00600nam a22002297a 4500
003 UA-OsUOA
001 111556
007 ta
008 20150525b un ||||| |||| 00| 0 ukr d
090 _a82.09(477)
_bШ37
942 _cBK
040 _aUA-OsUOA
_bukr
_cUA-OsUOA
_dUA-OsUOA
245 _aТарас Шевченко в критиці
300 _a804 с.
955 _a1
041 _aukr
080 _a82.09(477)
020 _a978-966-8978-69-2
260 _aК.
_bКритика
_c2013
650 7 _a82 Література. Літературознавство
_2UDC
999 _c396821
_d396821